[Event "9th American Continental (w)"]
[Site "Villa Martelli ARG"]
[Date "2017.09.10"]
[Round "5.9"]
[White "Cordero Loup, Ely Daniela"]
[Black "Strgacich, Aylen"]
[Result "1-0"]
[WhiteElo "2005"]
[BlackElo "1897"]
[EventDate "2017.09.05"]
[PlyCount "69"]

1.d4 Nf6 2.Nf3 g6 3.c4 Bg7 4.g3 O-O 5.Bg2 d5 6.cxd5 Nxd5 7.O-O c5 8.e4 Nf6
9.e5 Nd5 10.Nc3 cxd4 11.Qxd4 Nxc3 12.Qxc3 Nc6 13.Bf4 Qb6 14.h3 h6 15.Be3 
Qc7 16.b4 Kh7 17.b5 Bxe5 18.Nxe5 Qxe5 19.Qc4 Nd8 20.Qh4 g5 21.Qb4 a5 22.
Qa3 Qxb5 23.Qxe7 Re8 24.Qc7 Bf5 25.Rac1 Rc8 26.Qd6 Nc6 27.Rc5 Qd3 28.Rd5 
Qc2 29.Rc1 Qxa2 30.Rxf5 Qe6 31.Qd3 Kg8 32.Bd5 Nb4 33.Bxe6 Rxc1+ 34.Bxc1 
Nxd3 35.Bxf7+ 1-0

[Event "9th American Continental (w)"]
[Site "Villa Martelli ARG"]
[Date "2017.09.10"]
[Round "5.10"]
[White "Palomares, Lujan"]
[Black "Fernandez, Maria Florencia"]
[Result "0-1"]
[WhiteElo "1259"]
[BlackElo "2199"]
[EventDate "2017.09.05"]
[PlyCount "65"]

1.e4 g6 2.Nf3 Bg7 3.d4 d6 4.Bf4 Nf6 5.Nc3 O-O 6.Be2 c6 7.O-O b5 8.e5 Ne8 
9.Ne4 Na6 10.Re1 Nac7 11.c4 bxc4 12.Qa4 d5 13.Nc3 Ne6 14.Bg3 Qb6 15.b3 
cxb3 16.Qxb3 Nxd4 17.Qxb6 Nxe2+ 18.Rxe2 axb6 19.Rb1 b5 20.Rc2 Bf5 21.Rbb2 
Bxc2 22.Rxc2 b4 23.Nb1 Nc7 24.Nfd2 Nb5 25.Kf1 Nd4 26.Rc1 Rxa2 27.Ke1 Rc8 
28.f4 f6 29.Kd1 fxe5 30.fxe5 c5 31.Bf2 Bxe5 32.Bxd4 Bxd4 33.Ke2 0-1

[Event "9th American Continental (w)"]
[Site "Villa Martelli ARG"]
[Date "2017.09.10"]
[Round "5.11"]
[White "Abarca Gonzalez, Damaris"]
[Black "Bosco, Giuliana"]
[Result "1-0"]
[WhiteElo "2019"]
[BlackElo "1582"]
[EventDate "2017.09.05"]
[PlyCount "65"]

1.e4 e6 2.d3 d5 3.Nd2 c5 4.g3 Nf6 5.Bg2 Nc6 6.Ngf3 Be7 7.O-O b6 8.Re1 Bb7 
9.c3 Qc7 10.Qe2 O-O-O 11.a3 Rdg8 12.Nf1 Ba6 13.exd5 Nxd5 14.Bd2 h5 15.c4 
Nf6 16.b4 Bb7 17.b5 Nb8 18.Bc3 Nbd7 19.a4 g5 20.a5 h4 21.axb6 Qxb6 22.Ne5 
Nxe5 23.Bxe5 Bxg2 24.Kxg2 hxg3 25.fxg3 Rh7 26.Qf3 Kd7 27.Ra6 g4 28.Qc6+ 
Qxc6+ 29.bxc6+ Kd8 30.Rxa7 Ke8 31.Ra8+ Bd8 32.Bxf6 Rh6 33.Rxd8# 1-0

[Event "9th American Continental (w)"]
[Site "Villa Martelli ARG"]
[Date "2017.09.10"]
[Round "5.12"]
[White "Ocampo Garcia, Derly Ginneth"]
[Black "Coelho, Tatiane Cristina"]
[Result "0-1"]
[WhiteElo "1821"]
[BlackElo "1777"]
[EventDate "2017.09.05"]
[PlyCount "56"]

1.e4 e5 2.Nf3 Nc6 3.Bc4 Bc5 4.c3 Nf6 5.d3 d6 6.Bb3 h6 7.h3 a6 8.Be3 Bxe3 
9.fxe3 Bd7 10.Qe2 Qe7 11.Nbd2 g5 12.Nh2 h5 13.Rf1 O-O-O 14.O-O-O g4 15.Qf2
Rh6 16.h4 Na5 17.Bc2 Be6 18.g3 d5 19.exd5 Nxd5 20.e4 Nxc3 21.Qe3 Rhh8 22.
a3 Nxd1 23.Kxd1 Nc6 24.Rf2 Nd4 25.Nhf1 Qc5 26.Nb1 Qb5 27.Kc1 Nxc2 28.Kxc2 
Qb3+ 0-1

[Event "9th American Continental (w)"]
[Site "Villa Martelli ARG"]
[Date "2017.09.10"]
[Round "5.13"]
[White "Librelato, Kathie Goulart"]
[Black "Librelato, Ana Julia Goulart"]
[Result "1-0"]
[WhiteElo "2085"]
[BlackElo "1667"]
[EventDate "2017.09.05"]
[PlyCount "80"]

1.e4 e5 2.Nf3 Nc6 3.Nc3 Nf6 4.Be2 Bc5 5.Nxe5 Nxe5 6.d4 Bd6 7.dxe5 Bxe5 8.
Bd3 Bxc3+ 9.bxc3 O-O 10.O-O Qe7 11.Re1 Qc5 12.Rb1 d6 13.Rb5 Qc6 14.e5 Ng4 
15.f3 Nh6 16.Rd5 dxe5 17.Ba3 Re8 18.Kh1 Qf6 19.Bb5 c6 20.Rd6 Qe7 21.Bc4 
Qc7 22.Rxe5 Be6 23.Bxe6 fxe6 24.Rexe6 Red8 25.Qe1 Qa5 26.Bb4 Qb6 27.c4 Nf5
28.Ba5 Nxd6 29.Bxb6 axb6 30.h4 Nxc4 31.Re7 Nd6 32.Qe6+ Kh8 33.h5 h6 34.Qg6
Ne8 35.g4 Rd1+ 36.Kg2 Rd2+ 37.Kg3 Rdd8 38.g5 hxg5 39.h6 Rab8 40.hxg7+ Kg8 
1-0

[Event "9th American Continental (w)"]
[Site "Villa Martelli ARG"]
[Date "2017.09.11"]
[Round "6.1"]
[White "Cori Tello, Deysi"]
[Black "Chumpitaz Carbajal, Ann"]
[Result "1/2-1/2"]
[WhiteElo "2389"]
[BlackElo "2225"]
[EventDate "2017.09.05"]
[PlyCount "143"]

1.d4 Nf6 2.c4 g6 3.g3 Bg7 4.Bg2 O-O 5.Nc3 c6 6.Nf3 d5 7.cxd5 Nxd5 8.Qb3 
Nxc3 9.bxc3 Qb6 10.O-O Be6 11.Qa3 Re8 12.Ne5 Bxe5 13.dxe5 Nd7 14.Bg5 Qc5 
15.Qxc5 Nxc5 16.Rfb1 Bd5 17.Be3 Bxg2 18.Bxc5 b6 19.Kxg2 bxc5 20.Rb7 e6 21.
Rd1 Red8 22.Rd6 Rdb8 23.Rdd7 Rxb7 24.Rxb7 a5 25.Kf3 a4 26.Rb6 Rd8 27.Ke3 
Rd5 28.f4 Rd1 29.Ra6 Rh1 30.Rxa4 Rxh2 31.Rc4 Rg2 32.Kf3 Rg1 33.Rxc5 Rf1+ 
34.Ke3 Ra1 35.Rxc6 Rxa2 36.Rb6 Ra1 37.Rd6 Rg1 38.Kf2 Rc1 39.Rd3 h5 40.Ke3 
Rc2 41.Rd8+ Kg7 42.Rc8 Rc1 43.c4 Rc3+ 44.Kf2 Kh7 45.e3 Kg7 46.Kf3 Rc2 47.
c5 Rd2 48.Ke4 Rd1 49.Ra8 Rd5 50.Rc8 Rd1 51.c6 Rd2 52.Rc7 Rc2 53.Kd3 Rc1 
54.Rc8 Rc5 55.Kd4 Rc1 56.e4 Rc2 57.Rc7 Kf8 58.f5 gxf5 59.exf5 exf5 60.e6 
fxe6 61.Ke5 Ke8 62.Kd6 Kd8 63.Rg7 Rd2+ 64.Kxe6 Rf2 65.Kd6 Rd2+ 66.Ke5 Rf2 
67.Kd6 Rd2+ 68.Ke6 Rf2 69.Ke5 Rf3 70.Rd7+ Kc8 71.Rg7 Kd8 72.Kd6 1/2-1/2

[Event "9th American Continental (w)"]
[Site "Villa Martelli ARG"]
[Date "2017.09.11"]
[Round "6.2"]
[White "Lujan, Carolina"]
[Black "Miranda Llanes, Yerisbel"]
[Result "1/2-1/2"]
[WhiteElo "2376"]
[BlackElo "2192"]
[EventDate "2017.09.05"]
[PlyCount "86"]

1.e4 e5 2.Nf3 Nc6 3.Bc4 Bc5 4.O-O Nf6 5.d3 a6 6.c3 d6 7.Bb3 Ba7 8.Re1 h6 
9.Nbd2 O-O 10.h3 Nh5 11.Nf1 Qf6 12.Be3 Be6 13.Bc2 Nf4 14.Ng3 g5 15.d4 Ne7 
16.Nh2 Kh8 17.dxe5 dxe5 18.Bxa7 Rxa7 19.Nf5 Nxf5 20.Ng4 Ne3 21.Nxf6 Nxd1 
22.Raxd1 Ng6 23.Bb3 Raa8 24.Bxe6 fxe6 25.Nd7 Rfe8 26.c4 Re7 27.Rd2 Kg7 28.
Red1 h5 29.b4 g4 30.hxg4 hxg4 31.g3 Kh6 32.Kg2 Kg5 33.Nc5 b6 34.Nb3 Rf8 
35.Rd7 Rf3 36.Rxe7 Nxe7 37.b5 axb5 38.cxb5 Nc8 39.Rd8 Nd6 40.Rg8+ Kh5 41.
Rh8+ Kg5 42.Rg8+ Kh5 43.Rh8+ Kg5 1/2-1/2

[Event "9th American Continental (w)"]
[Site "Villa Martelli ARG"]
[Date "2017.09.11"]
[Round "6.3"]
[White "Arribas Robaina, Maritza"]
[Black "Martinez, Ayelen"]
[Result "1/2-1/2"]
[WhiteElo "2273"]
[BlackElo "2190"]
[EventDate "2017.09.05"]
[PlyCount "106"]

1.e4 c5 2.Nf3 a6 3.Nc3 d6 4.Be2 Nf6 5.O-O e5 6.a4 Be7 7.d3 h6 8.Nd2 Nc6 9.
Nc4 Be6 10.f4 exf4 11.Bxf4 d5 12.exd5 Nxd5 13.Nxd5 Bxd5 14.Bf3 O-O 15.Bxd5
Qxd5 16.Kh1 Rae8 17.Qg4 f5 18.Qg6 Bf6 19.Bd6 Be7 20.Rae1 b5 21.axb5 axb5 
22.Bxe7 Nxe7 23.Nb6 Nxg6 24.Nxd5 Rxe1 25.Rxe1 Ra8 26.Kg1 Ra2 27.Rb1 Kf7 
28.Nc3 Ra5 29.b4 Ra3 30.Nxb5 Ra2 31.Rf1 Ne7 32.bxc5 Rxc2 33.d4 g6 34.Rf2 
Rc1+ 35.Rf1 Rc2 36.Rf2 Rc1+ 37.Rf1 Rc2 38.Re1 Nd5 39.g3 Kf6 40.Re5 Nb4 41.
Nc7 Nd3 42.Nd5+ Kf7 43.Re7+ Kf8 44.Re3 Nc1 45.Nf4 Kf7 46.Ne6 Ne2+ 47.Kf1 
Nc3 48.c6 Rc1+ 49.Kg2 Rc2+ 50.Kg1 Rc1+ 51.Kg2 Rc2+ 52.Kg1 Rc1+ 53.Kg2 Rc2+
1/2-1/2

[Event "9th American Continental (w)"]
[Site "Villa Martelli ARG"]
[Date "2017.09.11"]
[Round "6.4"]
[White "Cordero Loup, Ely Daniela"]
[Black "Vazquez Maccarini, Danitza"]
[Result "1/2-1/2"]
[WhiteElo "2005"]
[BlackElo "2173"]
[EventDate "2017.09.05"]
[PlyCount "145"]

1.d4 Nf6 2.Nf3 e6 3.e3 b6 4.Bd3 Bb7 5.c4 d5 6.O-O Bd6 7.Nc3 a6 8.b3 O-O 9.
Bb2 Nbd7 10.Rc1 Qe7 11.Re1 Ba3 12.Bxa3 Qxa3 13.Ne5 Qd6 14.Nxd7 Qxd7 15.c5 
bxc5 16.Na4 c4 17.Nc5 Qc6 18.Nxb7 Qxb7 19.bxc4 c6 20.Rb1 Qc7 21.Qc2 Rfc8 
22.c5 a5 23.Rb6 g6 24.Reb1 Rcb8 25.Qa4 Rc8 26.Rb7 Qd8 27.R1b6 Qe8 28.Ba6 
Kg7 29.g3 h5 30.h4 e5 31.dxe5 Qxe5 32.Rxc6 Rxc6 33.Qxc6 Rf8 34.Qa4 Qf5 35.
Qd4 Kg8 36.Bd3 Qf3 37.Qf4 Qd1+ 38.Kg2 Qxd3 39.Qxf6 Qe4+ 40.Qf3 Qc4 41.Rd7 
Qxc5 42.Qxd5 Qc2 43.Ra7 a4 44.a3 Qb3 45.Qxb3 axb3 46.Rb7 b2 47.Rxb2 Ra8 
48.Rb3 Ra4 49.Kf3 f5 50.Ke2 Kf7 51.Kd3 Ke6 52.Kc3 Ra6 53.Kb2 Rd6 54.Ka2 
Rd2+ 55.Rb2 Rd3 56.a4 Ke5 57.Rb6 Rd2+ 58.Ka3 Rxf2 59.Rxg6 Rf3 60.Kb4 Rxe3 
61.Rg5 Re4+ 62.Kb5 Rg4 63.Rxg4 hxg4 64.a5 f4 65.gxf4+ Kxf4 66.a6 g3 67.a7 
g2 68.a8=Q g1=Q 69.Qf8+ Ke5 70.Qe7+ Kf5 71.Qd7+ Kg6 72.h5+ Kh6 73.Qe6+ 
1/2-1/2

[Event "9th American Continental (w)"]
[Site "Villa Martelli ARG"]
[Date "2017.09.11"]
[Round "6.5"]
[White "Aliaga Fernandez, Ingrid"]
[Black "Cosme Contreras, Trilce"]
[Result "1-0"]
[WhiteElo "2182"]
[BlackElo "1872"]
[EventDate "2017.09.05"]
[PlyCount "145"]

1.e4 c5 2.Nf3 d6 3.d4 cxd4 4.Nxd4 Nf6 5.Nc3 a6 6.g3 e5 7.Nb3 Be7 8.Bg2 O-O
9.O-O Be6 10.a4 Nbd7 11.Re1 Qc7 12.Nd2 h6 13.Nf1 Rac8 14.Ne3 Nb6 15.f4 Nc4
16.f5 Nxe3 17.Bxe3 Bd7 18.a5 d5 19.Nxd5 Nxd5 20.Qxd5 Rfd8 21.Bb6 Bc5+ 22.
Qxc5 Qxc5+ 23.Bxc5 Rxc5 24.c3 Bc6 25.Re2 Bb5 26.Rc2 Bc4 27.Bf3 Bb3 28.Rf2 
Rc4 29.Kf1 f6 30.Ke1 Ra4 31.Rxa4 Bxa4 32.Rd2 Rc8 33.Rd6 Kf8 34.Kd2 Ke7 35.
Re6+ Kd7 36.Be2 Bc6 37.Ke3 Ba4 38.Rb6 Rc7 39.h4 Kc8 40.Rb4 Bd7 41.Bc4 Rc5 
42.Bd5 Bb5 43.Rb3 Rc7 44.Ra3 Bc6 45.c4 Kd7 46.Be6+ Ke7 47.Rd3 Be8 48.b4 h5
49.Rd2 Ba4 50.c5 Bb5 51.Rd6 Be8 52.Bd5 Bd7 53.Rb6 Bc8 54.Kf3 Kd8 55.Rd6+ 
Bd7 56.Bf7 Ke7 57.Bxh5 Rc6 58.Rd2 Rc8 59.Ke3 Bb5 60.Be2 Be8 61.Bc4 Bh5 62.
Rd6 Rd8 63.Bd5 Rxd6 64.cxd6+ Kxd6 65.Bxb7 Kc7 66.Bxa6 Kb8 67.Be2 Be8 68.g4
Ka7 69.g5 fxg5 70.hxg5 Bf7 71.Kd2 Kb7 72.Kc3 Kc6 73.Bc4 1-0

[Event "9th American Continental (w)"]
[Site "Villa Martelli ARG"]
[Date "2017.09.11"]
[Round "6.6"]
[White "Amura, Claudia"]
[Black "Nejanky, Maisa"]
[Result "1-0"]
[WhiteElo "2262"]
[BlackElo "2018"]
[EventDate "2017.09.05"]
[PlyCount "73"]

1.d4 f5 2.g3 Nf6 3.Bg2 e6 4.c4 d5 5.Qc2 c6 6.Nh3 Bd6 7.Bf4 Be7 8.a3 O-O 9.
O-O h6 10.Bd2 a5 11.Nf4 Qe8 12.b4 axb4 13.a4 Na6 14.c5 e5 15.dxe5 Ne4 16.
Nd3 Be6 17.Be3 Qd7 18.Bd4 b3 19.Qc1 Naxc5 20.Nxc5 Bxc5 21.Bxc5 b2 22.Qxb2 
Nxc5 23.Qc2 Ra5 24.e3 Rfa8 25.Nc3 Qc7 26.f4 b5 27.Ne2 b4 28.Nd4 Qd7 29.
Rfb1 Rb8 30.Rb2 Rb6 31.Rab1 Na6 32.Bf1 c5 33.Nb3 Rxa4 34.Bxa6 Rbxa6 35.
Nxc5 b3 36.Qxb3 Qc8 37.Nxa4 1-0

[Event "9th American Continental (w)"]
[Site "Villa Martelli ARG"]
[Date "2017.09.11"]
[Round "6.7"]
[White "Zuriel, Marisa"]
[Black "Besso, Guadalupe"]
[Result "1/2-1/2"]
[WhiteElo "2180"]
[BlackElo "1994"]
[EventDate "2017.09.05"]
[PlyCount "97"]

1.e4 c5 2.Nf3 Nc6 3.d4 cxd4 4.Nxd4 Nf6 5.Nc3 e5 6.Ndb5 d6 7.Bg5 a6 8.Na3 
b5 9.Nd5 Be7 10.Bxf6 Bxf6 11.c4 b4 12.Nc2 a5 13.g3 O-O 14.Bg2 Be6 15.O-O 
Rb8 16.Nxf6+ Qxf6 17.b3 Rfd8 18.Qd2 Qe7 19.Kh1 f6 20.f4 Qa7 21.f5 Bf7 22.
Bf3 Kf8 23.g4 h6 24.h4 Ke7 25.Kg2 Qc5 26.Rh1 a4 27.g5 Ra8 28.Rhd1 hxg5 29.
hxg5 Ra7 30.g6 Bg8 31.Rh1 axb3 32.axb3 Rda8 33.Rxa7+ Rxa7 34.Ra1 Rxa1 35.
Nxa1 Qa5 36.Qb2 Na7 37.Nc2 Nc6 38.Kg3 Qa7 39.Kg2 Qa5 40.Kg3 Qa7 41.Kg2 Kd7
42.Bd1 Kc7 43.Qa1 Qxa1 44.Nxa1 Nd4 45.Kf2 Kb6 46.Ke3 Kc6 47.Nc2 Nxc2+ 48.
Bxc2 Kb6 49.Kd3 1/2-1/2

[Event "9th American Continental (w)"]
[Site "Villa Martelli ARG"]
[Date "2017.09.11"]
[Round "6.8"]
[White "Jorquera Cabello, Valentina"]
[Black "Carraro, Denise"]
[Result "1/2-1/2"]
[WhiteElo "1977"]
[BlackElo "2071"]
[EventDate "2017.09.05"]
[PlyCount "48"]

1.e4 e6 2.d3 c5 3.g3 Nc6 4.Bg2 g6 5.Nf3 Bg7 6.O-O Nge7 7.Re1 O-O 8.c3 d6 
9.Nbd2 b5 10.Nf1 b4 11.d4 cxd4 12.cxd4 d5 13.e5 f6 14.Bf4 fxe5 15.dxe5 Bd7
16.h4 Nf5 17.Qd2 b3 18.axb3 Qb6 19.Ne3 Qb4 20.Qd1 Nxe3 21.Rxe3 Rab8 22.Ra4
Qb6 23.Nd4 Rbc8 24.Nxc6 Rxc6 1/2-1/2

[Event "9th American Continental (w)"]
[Site "Villa Martelli ARG"]
[Date "2017.09.11"]
[Round "6.9"]
[White "Fernandez, Maria Florencia"]
[Black "Abarca Gonzalez, Damaris"]
[Result "1/2-1/2"]
[WhiteElo "2199"]
[BlackElo "2019"]
[EventDate "2017.09.05"]
[PlyCount "154"]

1.d4 Nf6 2.c4 e6 3.Nc3 Bb4 4.e3 O-O 5.Ne2 d5 6.cxd5 exd5 7.a3 Bd6 8.g3 Re8
9.Bg2 c6 10.f3 Bf5 11.g4 Bg6 12.h4 h6 13.Kf2 Nbd7 14.Nf4 Nf8 15.Nxg6 Nxg6 
16.g5 Nh5 17.f4 Nhxf4 18.exf4 Nxf4 19.Bxf4 Bxf4 20.Rh3 hxg5 21.hxg5 Bxg5 
22.Qd3 Bh4+ 23.Kg1 Re6 24.Rf1 Rf6 25.Rf5 Rxf5 26.Qxf5 Qe7 27.Qh5 g5 28.Ne2
Re8 29.Ng3 Qe3+ 30.Kh1 Qxd4 31.Nf1 Re6 32.Rf3 Rf6 33.Rxf6 Qxf6 34.b4 Qc3 
35.Qg4 Kg7 36.Qc8 Qxa3 37.Qxb7 Qa4 38.Qe7 Qa1 39.Qc5 Qa6 40.Qc3+ f6 41.Ne3
Qe2 42.Nf5+ Kg6 43.Nxh4+ gxh4 44.Qxc6 Qe1+ 45.Kh2 Qg3+ 46.Kh1 Qe1+ 47.Kh2 
Qxb4 48.Qe8+ Kg7 49.Qd7+ Kg6 50.Qxd5 Qf4+ 51.Kg1 Qe3+ 52.Kf1 Qf4+ 53.Bf3 
a5 54.Qg8+ Kh6 55.Ke2 Qe5+ 56.Kd3 f5 57.Qd8 Qf4 58.Qf6+ Kh7 59.Qf7+ Kh8 
60.Bd5 Qg3+ 61.Kc4 Qg4+ 62.Kc5 a4 63.Qf6+ Kh7 64.Be6 Qg1+ 65.Kb5 Qb1+ 66.
Kxa4 Qc2+ 67.Kb5 Qd3+ 68.Kb6 Qd6+ 69.Kb7 Qb4+ 70.Kc8 Qc5+ 71.Kd7 Qb5+ 72.
Ke7 Qc5+ 73.Kd7 Qb5+ 74.Kd6 Qb6+ 75.Kd5 Qb5+ 76.Kd6 Qb6+ 77.Ke7 Qc5+ 
1/2-1/2

[Event "9th American Continental (w)"]
[Site "Villa Martelli ARG"]
[Date "2017.09.11"]
[Round "6.10"]
[White "Coelho, Tatiane Cristina"]
[Black "Alboredo, Julia"]
[Result "0-1"]
[WhiteElo "1777"]
[BlackElo "2120"]
[EventDate "2017.09.05"]
[PlyCount "124"]

1.e4 c5 2.Nc3 Nc6 3.g3 g6 4.Bg2 Bg7 5.d3 d6 6.Be3 Rb8 7.Qd2 b5 8.Rb1 b4 9.
Nd1 h5 10.h3 Nd4 11.Ne2 Be6 12.b3 Nxe2 13.Kxe2 Qc8 14.a4 bxa3 15.Qa5 Rb6 
16.Qa4+ Bd7 17.Qxa3 Ra6 18.Qc1 e6 19.Re1 Ne7 20.Kf1 Nc6 21.Nb2 Nb4 22.Nc4 
O-O 23.e5 dxe5 24.Bd2 Nc6 25.Bh6 f6 26.Be3 Nd4 27.Qd2 Bc6 28.Bxd4 exd4 29.
Ra1 e5 30.Ra5 Bxg2+ 31.Kxg2 Re8 32.Rea1 Ree6 33.Qc1 Rxa5 34.Rxa5 Ra6 35.
Qa3 Rxa5 36.Qxa5 Qb7+ 37.Kg1 Qe7 38.Qa6 Qd7 39.Kg2 Kh7 40.Nd6 f5 41.Nb5 
Qd5+ 42.Kg1 Qf3 43.Nd6 h4 44.gxh4 Qxh3 45.Qxa7 Qg4+ 46.Kf1 Qxh4 47.Ne8 
Qh1+ 48.Ke2 Qh5+ 49.Kd2 Qh6+ 50.Kd1 g5 51.Qf7 Qg6 52.Qe7 f4 53.Nxg7 Qxg7 
54.Qxc5 g4 55.b4 g3 56.fxg3 fxg3 57.Qc8 g2 58.Qh3+ Kg8 59.Qe6+ Kf8 60.Qc8+
Kf7 61.Qd7+ Kf6 62.Qd6+ Kf5 0-1

[Event "9th American Continental (w)"]
[Site "Villa Martelli ARG"]
[Date "2017.09.11"]
[Round "6.11"]
[White "Strgacich, Aylen"]
[Black "Bosco, Giuliana"]
[Result "1-0"]
[WhiteElo "1897"]
[BlackElo "1582"]
[EventDate "2017.09.05"]
[PlyCount "131"]

1.d4 Nf6 2.c4 g6 3.Nc3 Bg7 4.Nf3 O-O 5.g3 d6 6.Bg2 Nc6 7.O-O e5 8.d5 Ne7 
9.e4 Ne8 10.Ne1 f5 11.Nd3 Nf6 12.f4 fxe4 13.Nxe4 Nxe4 14.Bxe4 exf4 15.Nxf4
Nf5 16.Rb1 Qe7 17.Qd3 Qe5 18.b4 Re8 19.Ne6 Bxe6 20.Bb2 Nd4 21.dxe6 c6 22.
Rfe1 Qf6 23.Ba1 Rab8 24.Rbd1 c5 25.Bd5 Re7 26.Rf1 Qe5 27.Rf7 Rbe8 28.Rdf1 
Ne2+ 29.Kf2 Nd4 30.Kg1 Ne2+ 31.Kf2 Nd4 32.Re1 Qxe1+ 33.Kxe1 Rxf7 34.Bxd4 
Bxd4 35.e7 Rxe7+ 36.Kd1 Kg7 37.Bxf7 Kxf7 38.Qf3+ Kg7 39.b5 Be5 40.a4 Rf7 
41.Qd5 Rf1+ 42.Ke2 Rf7 43.a5 Re7 44.Kd2 Rf7 45.Ke2 Re7 46.Kf3 Rf7+ 47.Kg2 
Re7 48.Kh3 Rf7 49.Qe6 Rf6 50.Qc8 Rf7 51.Qa8 d5 52.cxd5 c4 53.Qxa7 c3 54.
Qe3 Bf6 55.d6 Rd7 56.Qc5 Rf7 57.a6 bxa6 58.bxa6 Rd7 59.a7 Rd8 60.Qc7+ Kf8 
61.Qxd8+ Bxd8 62.a8=Q c2 63.Qxd8+ Kg7 64.Qc7+ Kf8 65.d7 Kg8 66.d8=R# 1-0

[Event "9th American Continental (w)"]
[Site "Villa Martelli ARG"]
[Date "2017.09.11"]
[Round "6.12"]
[White "Ocampo Garcia, Derly Ginneth"]
[Black "Librelato, Kathie Goulart"]
[Result "0-1"]
[WhiteElo "1821"]
[BlackElo "2085"]
[EventDate "2017.09.05"]
[PlyCount "68"]

1.e4 e5 2.Nf3 Nc6 3.Bc4 Nf6 4.d3 Bc5 5.c3 d6 6.h3 h6 7.Bb3 a6 8.Nbd2 Ba7 
9.Nf1 d5 10.Ng3 O-O 11.O-O Re8 12.Re1 Be6 13.Bc2 Qd7 14.Nh2 Rad8 15.Qf3 
Nh7 16.Nh5 f5 17.exf5 Bxf5 18.Ng3 Rf8 19.Qe2 Bxh3 20.d4 Rde8 21.gxh3 exd4 
22.Bxh7+ Kxh7 23.Qd3+ Kh8 24.Rxe8 Qxe8 25.cxd4 Bxd4 26.Be3 Be5 27.Bc5 Rf4 
28.Re1 Qd7 29.Ng4 Bd4 30.Bxd4 Nxd4 31.Kg2 c5 32.Qg6 Rf8 33.Nh5 Nf3 34.Re8 
Nh4+ 0-1

[Event "9th American Continental (w)"]
[Site "Villa Martelli ARG"]
[Date "2017.09.11"]
[Round "6.13"]
[White "Librelato, Ana Julia Goulart"]
[Black "Palomares, Lujan"]
[Result "1-0"]
[WhiteElo "1667"]
[BlackElo "1259"]
[EventDate "2017.09.05"]
[PlyCount "91"]

1.e4 c6 2.Nf3 d5 3.Nc3 dxe4 4.Nxe4 Bf5 5.Ng3 Bg6 6.h4 h6 7.Ne5 Bh7 8.Qf3 
Nf6 9.Qb3 e6 10.Qxb7 Nbd7 11.Nxc6 Qc8 12.Ba6 Nb6 13.Qxc8+ Nxc8 14.Bb7 Ne4 
15.Nxe4 Bxe4 16.f3 Bd5 17.Bxa8 Bd6 18.Bb7 O-O 19.Na5 Bg3+ 20.Ke2 Re8 21.
Ba6 Nd6 22.Bd3 e5 23.Rh3 e4 24.Rxg3 exd3+ 25.Kxd3 Be6 26.Ke2 Nf5 27.Rg4 
Bxa2+ 28.Kf2 Be6 29.Re4 Nd6 30.Rb4 Kh7 31.Nb3 g5 32.hxg5 hxg5 33.d3 f6 34.
Rxa7+ Kg6 35.Ra6 Nf5 36.Rbb6 Kf7 37.Nc5 Nd4 38.Nxe6 Nxe6 39.Rxe6 Rc8 40.
Rxf6+ Kg7 41.c3 Kh7 42.Ra7+ Kg8 43.Bxg5 Kh8 44.Rh6+ Kg8 45.Bf6 Rc6 46.Rh8#
1-0

[Event "9th American Continental (w)"]
[Site "Villa Martelli ARG"]
[Date "2017.09.12"]
[Round "7.1"]
[White "Lujan, Carolina"]
[Black "Cori Tello, Deysi"]
[Result "0-1"]
[WhiteElo "2376"]
[BlackElo "2389"]
[EventDate "2017.09.05"]
[PlyCount "78"]

1.e4 e6 2.d4 d5 3.Nd2 Be7 4.Ngf3 Nf6 5.e5 Nfd7 6.Bd3 c5 7.c3 Nc6 8.O-O g5 
9.dxc5 Ncxe5 10.Bb5 Ng6 11.Nb3 O-O 12.Re1 g4 13.Bxd7 Bxd7 14.Ne5 Nxe5 15.
Rxe5 Kh8 16.Qxg4 Rg8 17.Qh3 Rg6 18.g3 f6 19.Rh5 Qg8 20.f4 e5 21.f5 Rg4 22.
Be3 Rd8 23.Rd1 Re4 24.Bf2 Bb5 25.Rh4 Rxh4 26.Qxh4 d4 27.cxd4 Qd5 28.Rd2 
Bc6 29.Kf1 Qg2+ 30.Ke2 Qf3+ 31.Kf1 Qh1+ 32.Ke2 e4 33.Qh5 e3 34.Rd1 Qg2 35.
Kxe3 Bf8 36.Rg1 Re8+ 37.Qxe8 Qf3+ 38.Kd2 Bxe8 39.Be3 Bh6 0-1

[Event "9th American Continental (w)"]
[Site "Villa Martelli ARG"]
[Date "2017.09.12"]
[Round "7.2"]
[White "Chumpitaz Carbajal, Ann"]
[Black "Arribas Robaina, Maritza"]
[Result "1/2-1/2"]
[WhiteElo "2225"]
[BlackElo "2273"]
[EventDate "2017.09.05"]
[PlyCount "60"]

1.d4 Nf6 2.c4 g6 3.Nc3 Bg7 4.e4 d6 5.Nf3 O-O 6.Be2 a6 7.O-O c5 8.dxc5 dxc5
9.Bf4 Nc6 10.Qxd8 Rxd8 11.Bc7 Rf8 12.e5 Ng4 13.Na4 Bf5 14.Nxc5 Rac8 15.Bb6
Ngxe5 16.Rad1 Nxf3+ 17.Bxf3 Bxb2 18.g4 Ne5 19.Bxb7 Bxg4 20.Rb1 Bd4 21.Bxc8
Rxc8 22.Nxa6 Rxc4 23.Bxd4 Rxd4 24.Rb4 Rd2 25.Ra1 h5 26.Nc5 Nf3+ 27.Kg2 
Nh4+ 28.Kg1 Nf3+ 29.Kg2 Nh4+ 30.Kg1 Nf3+ 1/2-1/2

[Event "9th American Continental (w)"]
[Site "Villa Martelli ARG"]
[Date "2017.09.12"]
[Round "7.3"]
[White "Miranda Llanes, Yerisbel"]
[Black "Vazquez Maccarini, Danitza"]
[Result "1-0"]
[WhiteElo "2192"]
[BlackElo "2173"]
[EventDate "2017.09.05"]
[PlyCount "85"]

1.d4 Nf6 2.c4 e6 3.Nc3 Bb4 4.e3 O-O 5.Bd3 d5 6.Ne2 Re8 7.O-O b6 8.a3 Bf8 
9.b4 c5 10.bxc5 dxc4 11.Bxc4 bxc5 12.Bb2 Ba6 13.Nb5 Nbd7 14.dxc5 Bxc5 15.
Ned4 Nb6 16.Bd3 Nbd5 17.Qe2 Bb7 18.Rac1 Rc8 19.Rfd1 a6 20.Nb3 Be7 21.Nc3 
Qb6 22.Nxd5 Bxd5 23.Nd4 Rxc1 24.Rxc1 Rb8 25.Rc2 Bb7 26.h3 g6 27.Nf3 Nd7 
28.Ne5 Nxe5 29.Bxe5 Bd6 30.Bb2 Qa5 31.Qd2 Qg5 32.f4 Qg3 33.Bf1 Bd5 34.Qd4 
e5 35.Qxd5 Qxe3+ 36.Kh2 Qxf4+ 37.g3 Qa4 38.Rf2 Rxb2 39.Rxb2 Qxa3 40.Rf2 e4
41.Qxf7+ Kh8 42.Qf6+ Kg8 43.Bc4# 1-0

[Event "9th American Continental (w)"]
[Site "Villa Martelli ARG"]
[Date "2017.09.12"]
[Round "7.4"]
[White "Martinez, Ayelen"]
[Black "Aliaga Fernandez, Ingrid"]
[Result "1/2-1/2"]
[WhiteElo "2190"]
[BlackElo "2182"]
[EventDate "2017.09.05"]
[PlyCount "144"]

1.e4 c5 2.Nf3 e6 3.d4 cxd4 4.Nxd4 a6 5.Nc3 Qc7 6.Be3 Nf6 7.f4 Bb4 8.Bd3 
Bxc3+ 9.bxc3 Qxc3+ 10.Kf2 d6 11.Qf3 e5 12.Ne2 Qc6 13.f5 Nbd7 14.Rhc1 d5 
15.exd5 Qxd5 16.Nc3 Qa5 17.Ne4 Nxe4+ 18.Bxe4 Nf6 19.Bc6+ Nd7 20.Bxb7 Rb8 
21.Bxc8 Rxc8 22.Qb7 Qc3 23.Qxa6 Nf6 24.Qa4+ Rc6 25.Rab1 O-O 26.Rb3 Qc4 27.
Rb4 Qd5 28.Kg1 Rfc8 29.Rb5 Qd6 30.c4 Ng4 31.Rd1 Qf6 32.Qb3 Qxf5 33.h3 Nxe3
34.Qxe3 Qc2 35.Rd7 Qxc4 36.Rxe5 Rf8 37.a3 Rcc8 38.Ree7 Ra8 39.Ra7 Rab8 40.
a4 Rb1+ 41.Kh2 Qc6 42.Qe5 h6 43.a5 Qc1 44.Rab7 Qg1+ 45.Kg3 Ra1 46.Qc3 Ra2 
47.Rb2 Qa1 48.Reb7 Rxa5 49.Kh2 Qa3 50.Qc7 Qc5 51.Qxc5 Rxc5 52.Rb8 g6 53.
Rxf8+ Kxf8 54.h4 Kg7 55.Rb6 Re5 56.Ra6 Re4 57.g3 Re6 58.Ra5 f5 59.Ra7+ Kf6
60.Rh7 Re2+ 61.Kh3 h5 62.Ra7 Re6 63.Ra8 Rd6 64.Kg2 Ke5 65.Kf2 Kf6 66.Ke3 
Rb6 67.Rf8+ Kg7 68.Ra8 Rb4 69.Ra7+ Kf6 70.Ra6+ Kg7 71.Ra7+ Kh6 72.Rf7 Rb3+
1/2-1/2

[Event "9th American Continental (w)"]
[Site "Villa Martelli ARG"]
[Date "2017.09.12"]
[Round "7.5"]
[White "Alboredo, Julia"]
[Black "Amura, Claudia"]
[Result "0-1"]
[WhiteElo "2120"]
[BlackElo "2262"]
[EventDate "2017.09.05"]
[PlyCount "108"]

1.e4 g6 2.d4 Bg7 3.Nc3 c5 4.dxc5 Qa5 5.Bd2 Qxc5 6.Nd5 Na6 7.Nf3 e6 8.b4 
Qf8 9.Nc3 Qxb4 10.Rb1 Qc5 11.Nb5 Ne7 12.c4 O-O 13.Bd3 Nc6 14.O-O Qe7 15.
Bf4 e5 16.Bc1 b6 17.Ba3 Nc5 18.Nc7 Rb8 19.Nd5 Qd6 20.Qe2 Ba6 21.Rfd1 Rfc8 
22.Bc2 Qf8 23.Ne3 d6 24.Qd2 Rd8 25.Bd3 Rbc8 26.Bxc5 dxc5 27.Nd5 h6 28.h4 
Nd4 29.Qe3 h5 30.Nh2 Bh6 31.Qg3 Qd6 32.Nf3 Re8 33.Ne1 Rcd8 34.Bf1 Bb7 35.
a4 Bc6 36.Qa3 f5 37.Bd3 Rf8 38.a5 Bxd5 39.cxd5 fxe4 40.Bxe4 Rf4 41.f3 Rf6 
42.axb6 axb6 43.Rb2 Bf4 44.Rdb1 b5 45.Kf2 b4 46.Qa5 Nf5 47.Nd3 Be3+ 48.Ke2
Bd4 49.Ra2 Ne3 50.Nxe5 Nxd5 51.Nc4 Nc3+ 52.Kf1 Qf8 53.Re1 Nxe4 54.Rxe4 
Rxf3+ 0-1

[Event "9th American Continental (w)"]
[Site "Villa Martelli ARG"]
[Date "2017.09.12"]
[Round "7.6"]
[White "Carraro, Denise"]
[Black "Cordero Loup, Ely Daniela"]
[Result "1-0"]
[WhiteElo "2071"]
[BlackElo "2005"]
[EventDate "2017.09.05"]
[PlyCount "115"]

1.e4 e6 2.d4 d5 3.Nc3 Nf6 4.e5 Nfd7 5.f4 c5 6.Nf3 Nc6 7.Be3 a6 8.Qd2 b5 9.
a3 Qb6 10.Nd1 cxd4 11.Nxd4 Nxd4 12.Bxd4 Bc5 13.c3 a5 14.Be2 O-O 15.O-O Bb7
16.Nf2 b4 17.Qe3 bxc3 18.bxc3 Qc6 19.Nd3 Be7 20.f5 exf5 21.Rxf5 Ba6 22.
Raf1 Nc5 23.Bxc5 Bxc5 24.Qxc5 Qxc5+ 25.Nxc5 Bxe2 26.R1f2 Rac8 27.Nd7 Bg4 
28.Nxf8 Bxf5 29.Rxf5 Rxf8 30.Rf4 Rc8 31.Rd4 Kf8 32.Rxd5 a4 33.Ra5 Rc4 34.
Kf2 Ke7 35.Ra6 h6 36.Ke2 Rxc3 37.Rxa4 Rc5 38.Kd3 Ke6 39.Re4 Kd5 40.a4 Rc1 
41.Rf4 Ra1 42.Rxf7 Rxa4 43.Rxg7 Kxe5 44.Rg6 Ra2 45.h4 Kf5 46.h5 Rb2 47.Ke3
Rb3+ 48.Kf2 Rb2+ 49.Kg3 Rb1 50.Kh2 Rb4 51.Kh3 Rb3+ 52.Kh4 Rb1 53.g4+ Kf4 
54.Rf6+ Ke5 55.Rxh6 Kf4 56.Rf6+ Ke5 57.Kg5 Rg1 58.Rf5+ 1-0